000 00564nam a2200193 a 4500
001 4133
005 20140414131935.0
008 090217s19uu xx 00 eng d
020 _a0-59084-633-8
050 _aREF 796.44
_bM45 2004
100 _aMcNab, Chris
245 _aGymnastics :
_bSports injuries : how to prevent, diasnose, & treat /
_cChris McNab.
260 _aLondon :
_bMason Crest,
_cc2004.
300 _a64 p. : col., ill. ; cm.
500 _aIncludes index
650 _aGymnastics
_xJuvenile literature.
999 _c112418
_d112418